Harry Potter - Group of Things 2 - Statistics

General Stats
  • This quiz has been taken 55 times
  • The average score is 15 of 18
Answer Stats
Answer % Correct
Books The Chamber of Secrets
98%
Movies The Chamber of Secrets
98%
Books The Goblet of Fire
98%
Movies The Goblet of Fire
98%
Books The Half-Blood Prince
98%
Movies The Half-Blood Prince
98%
Books The Order of the Phoenix
98%
Movies The Order of the Phoenix
98%
Books The Prisoner of Azkaban
98%
Movies The Prisoner of Azkaban
98%
Books The Philosophers Stone
94%
Movies The Philosophers Stone
94%
Books The Deathly Hallows
91%
Movies The Deathly Hallows part 1
81%
Movies The Deathly Hallows part 2
81%
Fantastic Beasts And Where to Find Them
34%
Fantastic Beasts And the Crimes of Grindelwald
9%
Fantastic Beasts And the Secrets of Dumbledore
9%
No matching quizzes found
Score Distribution
Percent of People with Each Score
Percentile by Number Answered
Your Score History
You have not taken this quiz